| 000 | 01026nam a22003617a 4500 | ||
|---|---|---|---|
| 001 | 0000940 | ||
| 003 | KOHA_MİRAKIL | ||
| 005 | 20260207001225.0 | ||
| 007 | ta | ||
| 008 | 081212b2001 tu |||gr||||#0|||0|tur | | ||
| 020 |
_a9754869967 _cYTL16,690000000000001 |
||
| 040 |
_aTR-BiSEU _btur _cTR-BiSEU _erda |
||
| 041 | 0 | _atur | |
| 044 | _ctu | ||
| 050 |
_aQA76.76.H76 _bY36 2001 |
||
| 100 | 1 | _aYanık, Memik. | |
| 245 | 1 |
_aHTML el kitabı/ _cMemik Yanık ; Memik Yanık. |
|
| 264 | 1 |
_aİstanbul : _bBeta _c2001 |
|
| 300 |
_aviii, 296 sayfa ; _c24 cm. |
||
| 336 |
_ametin _btxt _2rdacontent |
||
| 337 |
_aaracısız _bn _2rdamedia |
||
| 338 |
_acilt _bnc _2rdacarrier |
||
| 490 | 1 | _aBeta Yayın No. | |
| 490 | 1 | _a1091. | |
| 490 | 1 |
_aBilgisayar Dizisi ; _v214. |
|
| 650 | 0 |
_aHTML (Hyper Text Mark-up Language). _93576 |
|
| 650 | 0 |
_aHypertext systems. _93577 |
|
| 830 | 1 |
_aBeta Yayın No. _91882 |
|
| 830 | 1 |
_a1091. _93578 |
|
| 830 | 1 |
_aBilgisayar Dizisi ; _v214. _92740 |
|
| 907 | _aBilgisayar | ||
| 942 |
_2lcc _cBK |
||
| 999 |
_c935 _d935 |
||